Batman villains - Statistics

General Stats
  • This quiz has been taken 149 times
  • The average score is 19 of 24
Answer Stats
Picture Answer % Correct
The Joker
100%
Catwoman
99%
Harley Quinn
98%
Two-Face
97%
The Penguin
96%
The Riddler
96%
Poison Ivy
94%
Bane
93%
Scarecrow
92%
Mr. Freeze
91%
Killer Croc
87%
Man-Bat
87%
Deadshot
84%
Clayface
83%
Firefly
78%
Ra’s al Ghul
78%
Black Mask
76%
Deathstroke
73%
Hush
69%
Hugo Strange
68%
Professor Pyg
53%
Carmine Falcone
49%
Victor Zsasz
47%
Salvatore Maroni
19%
No matching quizzes found
Score Distribution
Percent of People with Each Score
Percentile by Number Answered
Your Score History
You have not taken this quiz